Kuwait : EIU country profile 2005.
| Format: | Book |
|---|---|
| Published: |
London:
The Economist Intelligence Unit,
2005.
|
| Subjects: |
| LEADER | 00484cam a2200157 7i4500 | ||
|---|---|---|---|
| 001 | 0000016983 | ||
| 005 | 20060210090000.0 | ||
| 022 | 0 | 0 | |a 0269-7327 |
| 090 | 0 | 0 | |a KWT 330.9 |b KUW |
| 245 | 0 | 0 | |a Kuwait : |b EIU country profile 2005. |
| 260 | 0 | 0 | |a London: |b The Economist Intelligence Unit, |c 2005. |
| 300 | # | # | |a 60p. |
| 650 | 0 | 0 | |a Kuwait -- |x Country profile |
| 651 | 0 | 0 | |a Kuwait |
| 999 | |a SBH000397B |b Book |c Countries |e MATRADE Sabah | ||
| 999 | |a PNG000406B |b Book |c Countries |e MATRADE Northern Regional Office | ||